000 00547nam a2200217Ia 4500
003 OSt
005 20220918192239.0
006 a|||||r|||| 00| 0
007 ta
008 220917b |||||||| |||| 00| 0 eng d
024 _a67,620
037 _cTextual
040 _aARTS
_cARTS
_beng
041 _2eng
_aeng
082 _aR3xM39x, K1
100 _aMurphey Murray G
_978737
245 0 _aDevelopment of Peirce's philosophy
260 _c1961
942 _hR3xM39x, K1
_cTEXL
_2CC
999 _c193853
_d193853